000 00249nam a2200097Ia 4500
001 1219667
005 20250827092756.0
008 250824s9999 xx 000 0 und d
245 0 _aKÖŞKTEKİ ESRAR
_cAGATHA CHİRİSTİE
260 _bALTIN KİTAPLAR
999 _c1219667
_d1219667